000 00606nam a2200229Ia 4500
003 OSt
005 20220927105319.0
006 a|||||r|||| 00| 0
007 ta
008 220926b |||||||| |||| 00| 0 eng d
024 _a187038
037 _cReference Collections
040 _aRTL
_cRTL
_beng
041 _2eng
_aeng
082 _a"Y:5, K3"
100 _aHauser Philip M
_9371630
245 0 _aPopulation dilemma.
260 _aNew
_bJersey Prentice Hall
_c1963
300 _a"iv, 188p"
_ccm.
942 _h"Y:5, K3"
_cCC
999 _c691769
_d691769